Unemployment in the Slovak Republic

Salvato in:
Dettagli Bibliografici
Autore principale: Stričík, Michal, 1969-
Natura: Capitolo di libro
Lingua:inglese
Tags: Aggiungi Tag
Nessun Tag, puoi essere il primo ad aggiungerne!!

MARC

LEADER 00000nla a2200000 4500
001 0221076
005 20240502073631.2
041 0 |a eng 
044 |a SK 
245 1 0 |a Unemployment in the Slovak Republic  |c Michal Stričík 
500 |a Abstrakt 
100 1 |a Stričík, Michal, 1969-